| 000 | 00361nam a2200145Ia 4500 | ||
|---|---|---|---|
| 008 | 240624s9999 xx 000 0 und d | ||
| 041 | _aeng | ||
| 082 | _a658.8 SHE | ||
| 100 | _aDAY GEORGE S | ||
| 245 | _aLEGENDS IN MARKETING CUSTOMER AND CONSUM | ||
| 260 |
_c2016 _aNew Delhi _bSage |
||
| 300 | _axxxiv, 259 p.; 24 cm. | ||
| 365 |
_cRS _b33.33 |
||
| 440 | _v2 | ||
| 999 |
_c31526 _d31526 |
||